Statistics for Plants of New Zealand #1

Click here to take the quiz!

General Stats

  • This quiz has been taken 11 times
    (10 since last reset)
  • The average score is 10 of 20

Answer Stats

Botanical nameCommon nameMaori name% Correct
Metrosideros excelsaNew Zealand Christmas TreePohutukawa
100%
Agathis australisKauriKauri
86%
Sophora tetrapteraKowhaiKowhai
86%
Podocarpus totaraTotaraTotara
86%
Phormium tenaxNew Zealand FlaxHarakeke
71%
Leptospermum scopariumTea-treeManuka
71%
Rhopalostylis sapidaNikau PalmNikau
71%
Cyathea dealbataSilver FernPonga
57%
Dacrydium cupressinumRed PineRimu
57%
Dacrycarpus dacrydiodesWhite PineKahikatea
43%
Macropiper excelsumPepper TreeKawakawa
43%
Metrosideros umbellataIronwoodRata
43%
Beilschmiedia tawaTawaTawa
43%
Melicytus ramiflorusWhiteywoodMahoe
29%
Vitex lucensNew Zealand MahoganyPuriri
29%
Brachyglottis repandaBushman's FriendRangiora
29%
Knightia excelsaNew Zealand HoneysuckleRewarewa
29%
Cordyline australisCabbage TreeTi Kouka
29%
Alectryon excelsusNew Zealand OakTitoki
29%
Podocarpus spicatusBlack PineMatai
14%

Score Distribution

Percentile by Number Answered

Percent of People with Each Score

Your Score History

You have not taken this quiz since the last reset